<?xml version="1.0" encoding="UTF-8"?>
<collection xmlns="http://www.loc.gov/MARC21/slim">
 <record>
  <leader>01681nam a2200301   4500</leader>
  <controlfield tag="001">DLU120132576</controlfield>
  <controlfield tag="005">##20120306</controlfield>
  <datafield tag="040" ind1="#" ind2="#">
   <subfield code="a">DLU</subfield>
   <subfield code="b">vie</subfield>
  </datafield>
  <datafield tag="041" ind1="#" ind2="#">
   <subfield code="a">vie</subfield>
  </datafield>
  <datafield tag="044" ind1="#" ind2="#">
   <subfield code="a">vn</subfield>
  </datafield>
  <datafield tag="082" ind1="#" ind2="#">
   <subfield code="a">657.45</subfield>
   <subfield code="b">PH-K</subfield>
  </datafield>
  <datafield tag="100" ind1="#" ind2="#">
   <subfield code="a">Phan Trung Kiên.</subfield>
  </datafield>
  <datafield tag="245" ind1="#" ind2="#">
   <subfield code="a">Bài tập kiểm toán :</subfield>
   <subfield code="b">Dành cho sinh viên các trường đại học, cao đẳng khối kinh tế /</subfield>
   <subfield code="c">Phan Trung Kiên.</subfield>
  </datafield>
  <datafield tag="260" ind1="#" ind2="#">
   <subfield code="a">H. :</subfield>
   <subfield code="b">Giáo dục Việt Nam,</subfield>
   <subfield code="c">2011.</subfield>
  </datafield>
  <datafield tag="300" ind1="#" ind2="#">
   <subfield code="a">220 tr. ;</subfield>
   <subfield code="c">24 cm.</subfield>
  </datafield>
  <datafield tag="505" ind1="#" ind2="#">
   <subfield code="a">Chương 1. Kiểm toán tài chính và tổ chức kiểm toán độc lập -- Chương 2. Quy trình kiểm toán báo cáo tài chính -- Chương 3. Bằng chứng kiểm toán -- Chương 4. Tìm hiểu rủi ro kinh doanh trong quy trình kiểm toán -- Chương 5. Đánh giá hệ thống kiểm soát nội bộ trong kiểm toán tài chính -- Chương 6. Thiết kế trắc nghiệm chi tiết -- Chương 7. Chọn mẫu kiểm toán -- Chương 8. Kết thúc kiểm toán -- Chương 9. Kiểm toán tiền và tương đương tiền -- Chương 10. Kiểm toán chu trình bán hàng và thu tiền -- Chương 11. Kiểm toán chu trình mua và thanh toán -- Chương 12. Kiểm toán tài sản cố định và đầu tư tài chính dài hạn -- Chương 13. Kiểm toán trong môi trường xử lý dữ liệu điện tử -- Chương 14. Kiểm toán nội bộ.</subfield>
  </datafield>
  <datafield tag="650" ind1="#" ind2="#">
   <subfield code="a">Kiểm toán</subfield>
   <subfield code="x">Bài toán, bài tập, v.v...</subfield>
  </datafield>
  <datafield tag="923" ind1="#" ind2="#">
   <subfield code="a">01/2012</subfield>
  </datafield>
  <datafield tag="991" ind1="#" ind2="#">
   <subfield code="a">GT</subfield>
  </datafield>
  <datafield tag="992" ind1="#" ind2="#">
   <subfield code="a">36000</subfield>
  </datafield>
  <datafield tag="994" ind1="#" ind2="#">
   <subfield code="a">DLU</subfield>
  </datafield>
  <datafield tag="900" ind1="#" ind2="#">
   <subfield code="a">True</subfield>
  </datafield>
  <datafield tag="911" ind1="#" ind2="#">
   <subfield code="a">Nguyễn Thanh Hương</subfield>
  </datafield>
  <datafield tag="925" ind1="#" ind2="#">
   <subfield code="a">G</subfield>
  </datafield>
  <datafield tag="926" ind1="#" ind2="#">
   <subfield code="a">A</subfield>
  </datafield>
  <datafield tag="927" ind1="#" ind2="#">
   <subfield code="a">SH</subfield>
  </datafield>
  <datafield tag="980" ind1="#" ind2="#">
   <subfield code="a">Thư viện Trường Đại học Đà Lạt</subfield>
  </datafield>
 </record>
</collection>
